000
00203 a2200097 4500
001
2108
100
_a
Draper, C S
245
_a
Instrument engineering
260
_a
_b
Mc GrawHill
_c
090
_c
1554
_d
1554
942
_a
NUST-CAE
_c
M
_c
6158
999
_c
237181
_d
237181